La fuerza. Entrenamiento para jóvenes: guía teórico-práctica
Sparad:
| Huvudupphovsman: | |
|---|---|
| Materialtyp: | Bok |
| Språk: | spanska |
| Publicerad: |
Barcelona
Paidotribo
2005
|
| Upplaga: | 1a. ed |
| Ämnen: | |
| Taggar: |
Lägg till en tagg
Inga taggar, Lägg till första taggen!
|
MARC
| LEADER | 00000nam a2200000 a 4500 | ||
|---|---|---|---|
| 001 | UCG3270 | ||
| 003 | CL-VaPUC | ||
| 008 | 100819e20050000SP |||||||||||||||||spa|d | ||
| 020 | |a 8480197587 | ||
| 082 | 0 | 4 | |a 613.71 |b VAS |2 21 |
| 100 | 0 | |a Vasconcelos Raposo, Antonio |e author |9 552263 | |
| 245 | 1 | 3 | |a La fuerza. Entrenamiento para jóvenes: guía teórico-práctica |
| 250 | |a 1a. ed | ||
| 300 | |a 243 p | ||
| 942 | |c BK | ||
| 945 | |d 20100819 00:00:00 |a mfarfan | ||
| 260 | |a Barcelona |b Paidotribo |c 2005 | ||
| 650 | 0 | |a Aptitud física |9 373835 | |
| 650 | 7 | |a ENTRENAMIENTO FISICO |2 CL-VaPUC |9 307393 | |
| 650 | 0 | |a Fuerza |9 345825 | |
| 650 | 0 | |a Actividad física |9 362156 | |
| 583 | |a last modification |c 20100819 00:00:00 |k Rodrigo Vera | ||
| 999 | |c 342341 |d 342339 | ||
| 952 | |0 0 |1 0 |4 0 |6 613_710000000000000_VAS_2005 |7 0 |8 C |9 438500 |a BIBCUR |b BIBCUR |d 2019-11-22 |i 4708237 |l 1 |o 613.71 VAS 2005 |p 4708237 |r 2025-04-22 |s 2024-12-04 |w 2019-11-22 |y BK |k DEN | ||